BIBLIOTECA PODER JUDICIAL
Portal Judicial TDF

Intervención de abogado/a de niñas, niños y adolescentes, tutor/a especial o intervención de manera conjunta / (Registro nro. 5733)

000 -LEADER
fixed length control field 01241nab a22002417a 4500
003 - CONTROL NUMBER IDENTIFIER
control field OSt
005 - DATE AND TIME OF LATEST TRANSACTION
control field 20260101190950.0
008 - FIXED-LENGTH DATA ELEMENTS--GENERAL INFORMATION
fixed length control field 190514b xxu||||| |||| 00| 0 spa d
040 ## - CATALOGING SOURCE
Transcribing agency PJ
100 ## - MAIN ENTRY--PERSONAL NAME
9 (RLIN) 6653
Personal name Toledo, Paula Andrea
245 10 - TITLE STATEMENT
Title Intervención de abogado/a de niñas, niños y adolescentes, tutor/a especial o intervención de manera conjunta /
Statement of responsibility, etc Paula Andrea Toledo.
300 ## - PHYSICAL DESCRIPTION
Extent p. 72-76
500 ## - GENERAL NOTE
General note Cita: TR LALEY AR/DOC/3264/2024.
505 ## - FORMATTED CONTENTS NOTE
Formatted contents note Sumario: I. Palabras liminares.— II. El rol del Ministerio Público (MP).— III. El rol del abogado/a de niños, niñas, y adolescentes (ANNA), la tutela especial y el interés superior de NNA. <br/>
505 ## - FORMATTED CONTENTS NOTE
Formatted contents note Fallo comentado: C2aCiv. y Com., La Plata, sala I ~ 02/07/2024 ~ P. H. E. c. F. D. Y. s/ protección contra la violencia familiar.
650 #0 - SUBJECT ADDED ENTRY--TOPICAL TERM
9 (RLIN) 967
Topical term or geographic name as entry element DERECHO DE FAMILIA
650 #0 - SUBJECT ADDED ENTRY--TOPICAL TERM
9 (RLIN) 2741
Topical term or geographic name as entry element DERECHOS DE LAS NIÑAS, NIÑOS Y ADOLESCENTES
650 #0 - SUBJECT ADDED ENTRY--TOPICAL TERM
9 (RLIN) 4097
Topical term or geographic name as entry element INTERES SUPERIOR DEL NIÑO
650 #0 - SUBJECT ADDED ENTRY--TOPICAL TERM
9 (RLIN) 4105
Topical term or geographic name as entry element ABOGADO DEL NIÑO
650 #0 - SUBJECT ADDED ENTRY--TOPICAL TERM
9 (RLIN) 1057
Topical term or geographic name as entry element JURISPRUDENCIA APLICABLE
773 0# - HOST ITEM ENTRY
Host Biblionumber 2844
Host Itemnumber 3222
Place, publisher, and date of publication Buenos Aires : AbeledoPerrot, 1989-
Title Derecho de familia. Revista Interdisciplinaria de doctrina y jurisprudencia. Febrero 2025-I.
International Standard Book Number 18511201
942 ## - ADDED ENTRY ELEMENTS (KOHA)
Source of classification or shelving scheme
Koha item type Analítica Artículo de Revista

No hay ítems disponibles.

12 de Octubre 789 Ushuaia - Tel:  54(02901)441571
Horario de Atención: 8.00 a 17.00 hs. 
bibliotecaush@justierradelfuego.gov.ar
koha@justierradelfuego.gov.ar
Seguinos en nuestras redes @bibliojustdf 

Con tecnología Koha